Normal view
MARC view
Entry Personal Name
001 - CONTROL NUMBER
- control field: 47417
003 - CONTROL NUMBER IDENTIFIER
- control field: OSt
005 - DATE AND TIME OF LATEST TRANSACTION
- control field: 20240904131636.0
008 - FIXED-LENGTH DATA ELEMENTS
- fixed length control field: 240904|| aca||aabn | a|a d
040 ## - CATALOGING SOURCE
- Original cataloging agency: OSt
- Transcribing agency: OSt
100 ## - HEADING--PERSONAL NAME
- Personal name: Xing, Puyao and Xing, Hua
670 ## - SOURCE DATA FOUND
- Source citation: Work cat.: (OSt)524582: Xing, Puyao and Xing, Hua , Environmental inter-local collaboration under meta-governance: The trade-off between collective and selective benefits
